[Event "DVM U20w 2021"]
[Site "Kiel GER"]
[Date "2022.07.23"]
[Round "1"]
[White "Hrebenshchykova, Yelyzaveta"]
[Black "Bangsa-Giesen, Citra"]
[Result "1-0"]
[Termination "normal"]
[Board "4.1"]
[WhiteElo "2088"]
[BlackElo "1420"]
[WhiteClock "00:30:52"]
[BlackClock "00:30:17"]
[WhiteTeam "SC Noris-Tarrasch Nürnberg 1873 e.V."]
[BlackTeam "SK Kelheim 1920"]
[PlyCount "133"]
[WhiteFideId "14159899"]
[BlackFideId "34605274"]
[EventCountry "GER"]
[EventRounds "7"]
[EventType "team-swiss"]
[EventDate "2022.07.22"]

1. e4 {[%clk 01:30:55]} {[%emt 00:00:04]} e5 {[%clk 01:30:47]} {[%emt
00:00:14]} 2. Nf3 {[%clk 01:31:19]} {[%emt 00:00:06]} Nc6 {[%clk 01:31:12]}
{[%emt 00:00:05]} 3. Bb5 {[%clk 01:31:34]} {[%emt 00:00:15]} d6 {[%clk
01:29:01]} {[%emt 00:02:42]} 4. d4 {[%clk 01:28:34]} {[%emt 00:03:29]} exd4
{[%clk 01:28:00]} {[%emt 00:01:32]} 5. Nxd4 {[%clk 01:28:58]} {[%emt 00:00:06]}
Bd7 {[%clk 01:28:18]} {[%emt 00:00:11]} 6. Nc3 {[%clk 01:28:27]} {[%emt
00:01:01]} Nf6 {[%clk 01:24:08]} {[%emt 00:04:41]} 7. Bxc6 {[%clk 01:23:34]}
{[%emt 00:05:23]} Bxc6 {[%clk 01:23:25]} {[%emt 00:01:13]} 8. Nxc6 {[%clk
01:23:23]} {[%emt 00:00:41]} bxc6 {[%clk 01:23:47]} {[%emt 00:00:07]} 9. Bf4
{[%clk 00:56:41]} {[%emt 00:27:11]} Nd7 {[%clk 01:11:44]} {[%emt 00:12:33]} 10.
Qe2 {[%clk 00:49:19]} {[%emt 00:07:53]} Nc5 {[%clk 01:07:07]} {[%emt 00:05:07]}
11. O-O {[%clk 00:44:35]} {[%emt 00:05:14]} Be7 {[%clk 01:00:49]} {[%emt
00:06:48]} 12. Be3 {[%clk 00:41:05]} {[%emt 00:04:00]} Nd7 {[%clk 00:54:59]}
{[%emt 00:06:21]} 13. f4 {[%clk 00:34:20]} {[%emt 00:07:14]} O-O {[%clk
00:52:01]} {[%emt 00:03:28]} 14. Qc4 {[%clk 00:31:31]} {[%emt 00:03:19]} c5
{[%clk 00:44:47]} {[%emt 00:07:44]} 15. Rad1 {[%clk 00:28:11]} {[%emt
00:03:50]} c6 {[%clk 00:38:38]} {[%emt 00:06:39]} 16. Ne2 {[%clk 00:24:12]}
{[%emt 00:04:29]} Rb8 {[%clk 00:30:29]} {[%emt 00:08:39]} 17. b3 {[%clk
00:23:51]} {[%emt 00:00:50]} Nf6 {[%clk 00:26:23]} {[%emt 00:04:36]} 18. Bxc5
{[%clk 00:19:14]} {[%emt 00:05:07]} d5 {[%clk 00:24:55]} {[%emt 00:01:58]} 19.
exd5 {[%clk 00:19:15]} {[%emt 00:00:29]} cxd5 {[%clk 00:23:57]} {[%emt
00:01:29]} 20. Bxe7 {[%clk 00:15:35]} {[%emt 00:04:10]} Qxe7 {[%clk 00:24:07]}
{[%emt 00:00:19]} 21. Qd3 {[%clk 00:15:58]} {[%emt 00:00:07]} Rfe8 {[%clk
00:22:46]} {[%emt 00:01:52]} 22. Nd4 {[%clk 00:15:23]} {[%emt 00:01:05]} Ng4
{[%clk 00:20:43]} {[%emt 00:02:33]} 23. Rf3 {[%clk 00:14:31]} {[%emt 00:01:21]}
Rb4 {[%clk 00:18:57]} {[%emt 00:02:17]} 24. c3 {[%clk 00:13:45]} {[%emt
00:01:16]} Rb6 {[%clk 00:17:37]} {[%emt 00:01:49]} 25. h3 {[%clk 00:11:17]}
{[%emt 00:02:58]} Nf6 {[%clk 00:17:39]} {[%emt 00:00:28]} 26. c4 {[%clk
00:07:54]} {[%emt 00:03:54]} dxc4 {[%clk 00:15:48]} {[%emt 00:02:20]} 27. Qxc4
{[%clk 00:08:13]} {[%emt 00:00:11]} Rd8 {[%clk 00:14:11]} {[%emt 00:02:07]} 28.
Rfd3 {[%clk 00:07:38]} {[%emt 00:01:04]} Qb7 {[%clk 00:10:45]} {[%emt
00:03:57]} 29. Nf3 {[%clk 00:06:34]} {[%emt 00:01:34]} Rxd3 {[%clk 00:10:09]}
{[%emt 00:01:06]} 30. Rxd3 {[%clk 00:06:54]} {[%emt 00:00:10]} h6 {[%clk
00:09:35]} {[%emt 00:01:04]} 31. Rd8+ {[%clk 00:06:41]} {[%emt 00:00:43]} Kh7
{[%clk 00:10:00]} {[%emt 00:00:05]} 32. Qc2+ {[%clk 00:04:38]} {[%emt
00:02:33]} g6 {[%clk 00:10:19]} {[%emt 00:00:11]} 33. Qc5 {[%clk 00:03:49]}
{[%emt 00:01:18]} g5 {[%clk 00:03:44]} {[%emt 00:07:06]} 34. fxg5 {[%clk
00:02:08]} {[%emt 00:02:11]} Rb5 {[%clk 00:02:40]} {[%emt 00:01:34]} 35. Qc3
{[%clk 00:00:54]} {[%emt 00:01:45]} Ne4 {[%clk 00:01:41]} {[%emt 00:01:29]} 36.
Qh8+ {[%clk 00:01:16]} {[%emt 00:00:07]} Kg6 {[%clk 00:01:41]} {[%emt
00:00:31]} 37. Qxh6+ {[%clk 00:01:14]} {[%emt 00:00:31]} Kf5 {[%clk 00:02:03]}
{[%emt 00:00:09]} 38. Nd4+ {[%clk 00:01:13]} {[%emt 00:00:31]} Ke5 {[%clk
00:01:46]} {[%emt 00:00:47]} 39. Qh8+ {[%clk 00:01:32]} {[%emt 00:00:11]} Kf4
{[%clk 00:01:19]} {[%emt 00:00:57]} 40. Nxb5 {[%clk 00:01:42]} {[%emt
00:00:20]} Qxb5 {[%clk 00:01:33]} {[%emt 00:00:16]} 41. Qh4+ {[%clk 00:01:38]}
{[%emt 00:00:34]} Ke3 {[%clk 00:01:00]} {[%emt 00:01:03]} 42. Rd1 {[%clk
00:01:13]} {[%emt 00:00:55]} Qc5 {[%clk 00:30:30]} {[%emt 00:01:00]} 43. Qe1+
{[%clk 00:27:27]} {[%emt 00:04:17]} Kf4+ {[%clk 00:30:34]} {[%emt 00:00:26]}
44. Kh2 {[%clk 00:27:52]} {[%emt 00:00:05]} Nxg5 {[%clk 00:28:27]} {[%emt
00:02:37]} 45. Qg3+ {[%clk 00:22:38]} {[%emt 00:05:44]} Kf5 {[%clk 00:28:34]}
{[%emt 00:00:23]} 46. Qg4+ {[%clk 00:22:40]} {[%emt 00:00:28]} Kf6 {[%clk
00:28:15]} {[%emt 00:00:49]} 47. Qd4+ {[%clk 00:23:03]} {[%emt 00:00:07]} Qxd4
{[%clk 00:26:13]} {[%emt 00:02:32]} 48. Rxd4 {[%clk 00:23:28]} {[%emt
00:00:05]} Ke5 {[%clk 00:26:36]} {[%emt 00:00:08]} 49. Ra4 {[%clk 00:23:53]}
{[%emt 00:00:04]} f5 {[%clk 00:27:00]} {[%emt 00:00:06]} 50. Rxa7 {[%clk
00:24:17]} {[%emt 00:00:06]} f4 {[%clk 00:27:12]} {[%emt 00:00:18]} 51. h4
{[%clk 00:24:33]} {[%emt 00:00:14]} Ne6 {[%clk 00:26:54]} {[%emt 00:00:48]} 52.
Re7 {[%clk 00:24:57]} {[%emt 00:00:07]} Kf6 {[%clk 00:26:46]} {[%emt 00:00:38]}
53. Rxe6+ {[%clk 00:25:21]} {[%emt 00:00:05]} Kxe6 {[%clk 00:27:05]} {[%emt
00:00:12]} 54. a4 {[%clk 00:25:47]} {[%emt 00:00:04]} Ke5 {[%clk 00:27:23]}
{[%emt 00:00:12]} 55. a5 {[%clk 00:26:11]} {[%emt 00:00:06]} Ke4 {[%clk
00:27:44]} {[%emt 00:00:09]} 56. a6 {[%clk 00:26:31]} {[%emt 00:00:10]} f3
{[%clk 00:28:04]} {[%emt 00:00:10]} 57. gxf3+ {[%clk 00:26:56]} {[%emt
00:00:04]} Kxf3 {[%clk 00:28:30]} {[%emt 00:00:04]} 58. a7 {[%clk 00:27:22]}
{[%emt 00:00:04]} Kg4 {[%clk 00:28:46]} {[%emt 00:00:14]} 59. a8=Q {[%clk
00:27:43]} {[%emt 00:00:09]} Kxh4 {[%clk 00:29:11]} {[%emt 00:00:06]} 60. Qe4+
{[%clk 00:28:02]} {[%emt 00:00:12]} Kg5 {[%clk 00:29:27]} {[%emt 00:00:14]} 61.
Kg3 {[%clk 00:28:27]} {[%emt 00:00:05]} Kf6 {[%clk 00:29:23]} {[%emt 00:00:34]}
62. Qd5 {[%clk 00:28:44]} {[%emt 00:00:12]} Ke7 {[%clk 00:29:37]} {[%emt
00:00:16]} 63. Qc6 {[%clk 00:29:10]} {[%emt 00:00:04]} Kf7 {[%clk 00:29:50]}
{[%emt 00:00:18]} 64. Kf4 {[%clk 00:29:36]} {[%emt 00:00:04]} Ke7 {[%clk
00:29:55]} {[%emt 00:00:25]} 65. Kf5 {[%clk 00:30:00]} {[%emt 00:00:06]} Kd8
{[%clk 00:30:00]} {[%emt 00:00:25]} 66. Qb7 {[%clk 00:30:25]} {[%emt 00:00:05]}
Ke8 {[%clk 00:30:17]} {[%emt 00:00:13]} 67. Ke6 {[%clk 00:30:52]} {[%emt
00:00:04]} 1-0

[Event "DVM U20w 2021"]
[Site "Kiel GER"]
[Date "2022.07.23"]
[Round "2"]
[White "Müdder, Melanie"]
[Black "Hrebenshchykova, Yelyzaveta"]
[Result "0-1"]
[Termination "normal"]
[Board "1.1"]
[WhiteElo "1865"]
[BlackElo "2088"]
[WhiteClock "00:00:46"]
[BlackClock "00:02:10"]
[WhiteTeam "Schachgesellschaft Solingen e. V."]
[BlackTeam "SC Noris-Tarrasch Nürnberg 1873 e.V."]
[PlyCount "114"]
[WhiteFideId "12994103"]
[BlackFideId "14159899"]
[EventCountry "GER"]
[EventRounds "7"]
[EventType "team-swiss"]
[EventDate "2022.07.22"]

1. e4 {[%clk 01:30:57]} {[%emt 00:00:02]} c5 {[%clk 01:30:46]} {[%emt
00:00:15]} 2. Nf3 {[%clk 01:31:21]} {[%emt 00:00:06]} e6 {[%clk 01:31:10]}
{[%emt 00:00:06]} 3. d4 {[%clk 01:31:33]} {[%emt 00:00:17]} cxd4 {[%clk
01:31:35]} {[%emt 00:00:06]} 4. Nxd4 {[%clk 01:31:57]} {[%emt 00:00:06]} Nc6
{[%clk 01:32:01]} {[%emt 00:00:05]} 5. Nc3 {[%clk 01:32:17]} {[%emt 00:00:09]}
Qc7 {[%clk 01:31:37]} {[%emt 00:00:54]} 6. Qd3 {[%clk 01:32:16]} {[%emt
00:00:31]} a6 {[%clk 01:19:02]} {[%emt 00:13:05]} 7. Nxc6 {[%clk 01:32:34]}
{[%emt 00:00:12]} bxc6 {[%clk 01:09:33]} {[%emt 00:10:00]} 8. Qg3 {[%clk
01:30:08]} {[%emt 00:02:56]} Qxg3 {[%clk 01:03:45]} {[%emt 00:06:18]} 9. hxg3
{[%clk 01:30:31]} {[%emt 00:00:07]} d5 {[%clk 01:02:58]} {[%emt 00:01:16]} 10.
Na4 {[%clk 01:26:30]} {[%emt 00:04:31]} Bb7 {[%clk 00:50:06]} {[%emt 00:13:22]}
11. Be3 {[%clk 01:20:05]} {[%emt 00:06:55]} Nf6 {[%clk 00:49:29]} {[%emt
00:01:07]} 12. f3 {[%clk 01:10:06]} {[%emt 00:10:29]} Nd7 {[%clk 00:42:35]}
{[%emt 00:07:24]} 13. exd5 {[%clk 01:03:01]} {[%emt 00:07:35]} cxd5 {[%clk
00:42:12]} {[%emt 00:00:54]} 14. c4 {[%clk 00:59:22]} {[%emt 00:04:09]} dxc4
{[%clk 00:33:11]} {[%emt 00:09:31]} 15. Bxc4 {[%clk 00:56:58]} {[%emt
00:02:53]} Rc8 {[%clk 00:33:36]} {[%emt 00:00:05]} 16. Rc1 {[%clk 00:53:37]}
{[%emt 00:03:51]} Ne5 {[%clk 00:32:34]} {[%emt 00:01:32]} 17. Be2 {[%clk
00:51:52]} {[%emt 00:02:14]} Rxc1+ {[%clk 00:27:42]} {[%emt 00:05:21]} 18. Bxc1
{[%clk 00:52:12]} {[%emt 00:00:10]} Bd6 {[%clk 00:25:25]} {[%emt 00:02:48]} 19.
Kf2 {[%clk 00:44:55]} {[%emt 00:07:47]} Ke7 {[%clk 00:25:34]} {[%emt 00:00:21]}
20. Be3 {[%clk 00:43:07]} {[%emt 00:02:18]} Nd7 {[%clk 00:24:52]} {[%emt
00:01:12]} 21. Rh5 {[%clk 00:36:33]} {[%emt 00:07:04]} f5 {[%clk 00:23:37]}
{[%emt 00:01:45]} 22. Rh4 {[%clk 00:30:42]} {[%emt 00:06:21]} h6 {[%clk
00:21:16]} {[%emt 00:02:51]} 23. Rc4 {[%clk 00:28:20]} {[%emt 00:02:52]} Bd5
{[%clk 00:19:55]} {[%emt 00:01:51]} 24. Rc1 {[%clk 00:24:30]} {[%emt 00:04:19]}
Bxa2 {[%clk 00:18:29]} {[%emt 00:01:56]} 25. Bxa6 {[%clk 00:21:38]} {[%emt
00:03:22]} Rb8 {[%clk 00:18:35]} {[%emt 00:00:24]} 26. Bc4 {[%clk 00:18:25]}
{[%emt 00:03:43]} Bxc4 {[%clk 00:17:39]} {[%emt 00:01:27]} 27. Rxc4 {[%clk
00:18:50]} {[%emt 00:00:05]} Ne5 {[%clk 00:16:20]} {[%emt 00:01:49]} 28. Rc3
{[%clk 00:15:24]} {[%emt 00:03:55]} Nd7 {[%clk 00:14:46]} {[%emt 00:02:04]} 29.
b3 {[%clk 00:12:34]} {[%emt 00:03:20]} g5 {[%clk 00:14:22]} {[%emt 00:00:55]}
30. f4 {[%clk 00:04:55]} {[%emt 00:08:09]} Nf6 {[%clk 00:13:38]} {[%emt
00:01:14]} 31. Nc5 {[%clk 00:05:17]} {[%emt 00:00:08]} Nd5 {[%clk 00:10:45]}
{[%emt 00:03:22]} 32. Rc4 {[%clk 00:03:48]} {[%emt 00:01:59]} g4 {[%clk
00:07:43]} {[%emt 00:03:32]} 33. Bd4 {[%clk 00:02:52]} {[%emt 00:01:26]} h5
{[%clk 00:07:48]} {[%emt 00:00:25]} 34. Ra4 {[%clk 00:01:28]} {[%emt 00:01:55]}
Rc8 {[%clk 00:02:27]} {[%emt 00:05:51]} 35. Ra7+ {[%clk 00:01:28]} {[%emt
00:00:29]} Rc7 {[%clk 00:02:53]} {[%emt 00:00:04]} 36. Rxc7+ {[%clk 00:01:11]}
{[%emt 00:00:47]} Bxc7 {[%clk 00:03:19]} {[%emt 00:00:04]} 37. Nd3 {[%clk
00:01:26]} {[%emt 00:00:15]} Bd6 {[%clk 00:02:59]} {[%emt 00:00:50]} 38. Ne5
{[%clk 00:01:22]} {[%emt 00:00:35]} Bxe5 {[%clk 00:02:55]} {[%emt 00:00:34]}
39. Bxe5 {[%clk 00:01:30]} {[%emt 00:00:21]} Kd7 {[%clk 00:03:19]} {[%emt
00:00:06]} 40. Ke2 {[%clk 00:01:24]} {[%emt 00:00:36]} Kc6 {[%clk 00:02:27]}
{[%emt 00:01:22]} 41. Kd3 {[%clk 00:25:30]} {[%emt 00:06:24]} Kb5 {[%clk
00:31:35]} {[%emt 00:01:22]} 42. Bd6 {[%clk 00:23:22]} {[%emt 00:02:38]} Nf6
{[%clk 00:26:50]} {[%emt 00:05:16]} 43. Be7 {[%clk 00:18:00]} {[%emt 00:05:52]}
Ne4 {[%clk 00:24:28]} {[%emt 00:02:51]} 44. Bh4 {[%clk 00:15:58]} {[%emt
00:02:32]} Kc5 {[%clk 00:11:45]} {[%emt 00:13:13]} 45. b4+ {[%clk 00:09:34]}
{[%emt 00:06:53]} Kd5 {[%clk 00:10:55]} {[%emt 00:01:20]} 46. b5 {[%clk
00:07:17]} {[%emt 00:02:48]} Kc5 {[%clk 00:10:29]} {[%emt 00:00:56]} 47. Ke3
{[%clk 00:04:11]} {[%emt 00:03:36]} Kxb5 {[%clk 00:10:49]} {[%emt 00:00:10]}
48. Kd4 {[%clk 00:04:34]} {[%emt 00:00:07]} Kc6 {[%clk 00:11:15]} {[%emt
00:00:03]} 49. Kc4 {[%clk 00:04:40]} {[%emt 00:00:24]} Kc7 {[%clk 00:06:39]}
{[%emt 00:05:07]} 50. Kd3 {[%clk 00:01:53]} {[%emt 00:03:16]} Kd7 {[%clk
00:06:54]} {[%emt 00:00:14]} 51. Kc4 {[%clk 00:01:01]} {[%emt 00:01:22]} Kc6
{[%clk 00:07:19]} {[%emt 00:00:05]} 52. Kb4 {[%clk 00:01:25]} {[%emt 00:00:06]}
Kd5 {[%clk 00:05:43]} {[%emt 00:02:06]} 53. Kb5 {[%clk 00:01:16]} {[%emt
00:00:39]} Kd4 {[%clk 00:02:13]} {[%emt 00:04:00]} 54. Kc6 {[%clk 00:01:34]}
{[%emt 00:00:12]} e5 {[%clk 00:01:45]} {[%emt 00:00:58]} 55. Kd7 {[%clk
00:01:14]} {[%emt 00:00:49]} exf4 {[%clk 00:01:43]} {[%emt 00:00:33]} 56. gxf4
{[%clk 00:01:33]} {[%emt 00:00:10]} Ke3 {[%clk 00:02:08]} {[%emt 00:00:05]} 57.
Bg5 {[%clk 00:00:46]} {[%emt 00:01:17]} Kf2 {[%clk 00:02:10]} {[%emt 00:00:28]}
*

[Event "DVM U20w 2021"]
[Site "Kiel GER"]
[Date "2022.07.23"]
[Round "2"]
[White "Sereda, Yaroslava"]
[Black "Albayrak, Berrak"]
[Result "1/2-1/2"]
[Termination "normal"]
[Board "1.3"]
[WhiteElo "1781"]
[BlackElo "1592"]
[WhiteClock "00:01:01"]
[BlackClock "00:01:13"]
[WhiteTeam "Schachgesellschaft Solingen e. V."]
[BlackTeam "SC Noris-Tarrasch Nürnberg 1873 e.V."]
[PlyCount "112"]
[WhiteFideId "14178940"]
[BlackFideId "16241657"]
[EventCountry "GER"]
[EventRounds "7"]
[EventType "team-swiss"]
[EventDate "2022.07.22"]

1. e4 {[%clk 01:30:58]} {[%emt 00:00:02]} d6 {[%clk 01:30:55]} {[%emt
00:00:04]} 2. d4 {[%clk 01:31:18]} {[%emt 00:00:10]} Nf6 {[%clk 01:31:20]}
{[%emt 00:00:06]} 3. Nc3 {[%clk 01:31:38]} {[%emt 00:00:10]} g6 {[%clk
01:31:44]} {[%emt 00:00:06]} 4. Be3 {[%clk 01:31:39]} {[%emt 00:00:29]} c6
{[%clk 01:31:34]} {[%emt 00:00:39]} 5. Qd2 {[%clk 01:29:20]} {[%emt 00:02:49]}
b5 {[%clk 01:31:08]} {[%emt 00:00:57]} 6. f3 {[%clk 01:26:57]} {[%emt
00:02:52]} Qa5 {[%clk 01:30:03]} {[%emt 00:01:35]} 7. O-O-O {[%clk 01:07:11]}
{[%emt 00:20:16]} Nbd7 {[%clk 01:11:54]} {[%emt 00:18:39]} 8. d5 {[%clk
00:58:21]} {[%emt 00:09:20]} b4 {[%clk 00:59:30]} {[%emt 00:12:54]} 9. dxc6
{[%clk 00:52:45]} {[%emt 00:06:07]} bxc3 {[%clk 00:58:55]} {[%emt 00:01:05]}
10. cxd7+ {[%clk 00:53:04]} {[%emt 00:00:11]} Bxd7 {[%clk 00:58:11]} {[%emt
00:01:14]} 11. Qxc3 {[%clk 00:52:41]} {[%emt 00:00:53]} Qxa2 {[%clk 00:49:13]}
{[%emt 00:09:27]} 12. Bc4 {[%clk 00:50:33]} {[%emt 00:02:40]} Qa1+ {[%clk
00:43:25]} {[%emt 00:06:18]} 13. Kd2 {[%clk 00:50:51]} {[%emt 00:00:11]} Qa4
{[%clk 00:43:41]} {[%emt 00:00:14]} 14. Bb3 {[%clk 00:33:01]} {[%emt 00:18:20]}
Qc6 {[%clk 00:31:54]} {[%emt 00:12:15]} 15. Qxc6 {[%clk 00:32:23]} {[%emt
00:01:09]} Bxc6 {[%clk 00:32:18]} {[%emt 00:00:06]} 16. Ra1 {[%clk 00:32:02]}
{[%emt 00:00:51]} a6 {[%clk 00:29:43]} {[%emt 00:03:05]} 17. Ne2 {[%clk
00:30:54]} {[%emt 00:01:38]} Nd7 {[%clk 00:27:07]} {[%emt 00:03:06]} 18. Bc4
{[%clk 00:23:24]} {[%emt 00:08:00]} Bg7 {[%clk 00:19:32]} {[%emt 00:08:05]} 19.
c3 {[%clk 00:21:52]} {[%emt 00:02:02]} Rb8 {[%clk 00:12:56]} {[%emt 00:07:06]}
20. Rxa6 {[%clk 00:14:21]} {[%emt 00:08:01]} Ne5 {[%clk 00:11:45]} {[%emt
00:01:41]} 21. b3 {[%clk 00:12:59]} {[%emt 00:01:52]} O-O {[%clk 00:06:35]}
{[%emt 00:05:41]} 22. Bd4 {[%clk 00:08:40]} {[%emt 00:04:48]} Nxc4+ {[%clk
00:03:55]} {[%emt 00:03:10]} 23. bxc4 {[%clk 00:09:03]} {[%emt 00:00:07]} Rb2+
{[%clk 00:03:01]} {[%emt 00:01:24]} 24. Kd3 {[%clk 00:08:45]} {[%emt 00:00:48]}
Bd7 {[%clk 00:02:40]} {[%emt 00:00:51]} 25. Ra7 {[%clk 00:02:22]} {[%emt
00:06:53]} Be6 {[%clk 00:01:54]} {[%emt 00:01:16]} 26. Bxg7 {[%clk 00:02:20]}
{[%emt 00:00:32]} Kxg7 {[%clk 00:02:19]} {[%emt 00:00:06]} 27. Nf4 {[%clk
00:02:25]} {[%emt 00:00:24]} Kf6 {[%clk 00:01:42]} {[%emt 00:01:06]} 28. Nd5+
{[%clk 00:01:39]} {[%emt 00:01:16]} Bxd5 {[%clk 00:01:48]} {[%emt 00:00:25]}
29. cxd5 {[%clk 00:01:40]} {[%emt 00:00:28]} Rxg2 {[%clk 00:01:17]} {[%emt
00:01:01]} 30. Ra6 {[%clk 00:00:47]} {[%emt 00:01:23]} Rb8 {[%clk 00:00:44]}
{[%emt 00:01:03]} 31. f4 {[%clk 00:00:43]} {[%emt 00:00:35]} Kg7 {[%clk
00:00:33]} {[%emt 00:00:41]} 32. Ra7 {[%clk 00:00:58]} {[%emt 00:00:14]} Kf6
{[%clk 00:00:45]} {[%emt 00:00:18]} 33. Ra6 {[%clk 00:00:42]} {[%emt 00:00:46]}
Rd8 {[%clk 00:00:48]} {[%emt 00:00:27]} 34. e5+ {[%clk 00:00:43]} {[%emt
00:00:29]} Kf5 {[%clk 00:01:07]} {[%emt 00:00:11]} 35. exd6 {[%clk 00:00:58]}
{[%emt 00:00:14]} Rxd6 {[%clk 00:00:40]} {[%emt 00:00:57]} 36. Rxd6 {[%clk
00:00:56]} {[%emt 00:00:32]} exd6 {[%clk 00:01:07]} {[%emt 00:00:04]} 37. Kc4
{[%clk 00:00:50]} {[%emt 00:00:36]} Rd2 {[%clk 00:00:55]} {[%emt 00:00:42]} 38.
h4 {[%clk 00:00:51]} {[%emt 00:00:29]} h6 {[%clk 00:00:38]} {[%emt 00:00:47]}
39. h5 {[%clk 00:00:49]} {[%emt 00:00:33]} Kxf4 {[%clk 00:00:32]} {[%emt
00:00:36]} 40. hxg6 {[%clk 00:00:36]} {[%emt 00:00:43]} fxg6 {[%clk 00:00:39]}
{[%emt 00:00:23]} 41. Rxh6 {[%clk 00:00:43]} {[%emt 00:00:23]} Kf5 {[%clk
00:20:04]} {[%emt 00:11:04]} 42. Rh8 {[%clk 00:26:58]} {[%emt 00:04:15]} Rb2
{[%clk 00:15:08]} {[%emt 00:05:27]} 43. Rd8 {[%clk 00:22:59]} {[%emt 00:04:29]}
Rb6 {[%clk 00:12:50]} {[%emt 00:02:47]} 44. Rc8 {[%clk 00:22:09]} {[%emt
00:01:20]} Rb7 {[%clk 00:12:21]} {[%emt 00:00:59]} 45. Kd4 {[%clk 00:20:02]}
{[%emt 00:02:37]} Kf6 {[%clk 00:08:09]} {[%emt 00:04:42]} 46. Re8 {[%clk
00:19:17]} {[%emt 00:01:15]} Rd7 {[%clk 00:02:00]} {[%emt 00:06:40]} 47. Re6+
{[%clk 00:17:33]} {[%emt 00:02:14]} Kf5 {[%clk 00:01:31]} {[%emt 00:00:59]} 48.
c4 {[%clk 00:16:30]} {[%emt 00:01:32]} g5 {[%clk 00:01:33]} {[%emt 00:00:28]}
49. Re8 {[%clk 00:13:18]} {[%emt 00:03:42]} g4 {[%clk 00:00:47]} {[%emt
00:01:18]} 50. Rf8+ {[%clk 00:05:37]} {[%emt 00:08:11]} Kg5 {[%clk 00:00:46]}
{[%emt 00:00:30]} 51. c5 {[%clk 00:00:49]} {[%emt 00:05:18]} dxc5+ {[%clk
00:00:44]} {[%emt 00:00:32]} 52. Kxc5 {[%clk 00:01:12]} {[%emt 00:00:07]} g3
{[%clk 00:00:39]} {[%emt 00:00:36]} 53. Rg8 {[%clk 00:01:12]} {[%emt 00:00:30]}
Kf4 {[%clk 00:00:39]} {[%emt 00:00:30]} 54. Kc6 {[%clk 00:01:32]} {[%emt
00:00:10]} Rf7 {[%clk 00:00:39]} {[%emt 00:00:30]} 55. d6 {[%clk 00:01:31]}
{[%emt 00:00:31]} Kf3 {[%clk 00:00:49]} {[%emt 00:00:21]} 56. d7 {[%clk
00:01:01]} {[%emt 00:00:59]} Rxd7 {[%clk 00:01:13]} {[%emt 00:00:07]} *

[Event "DVM U20w 2021"]
[Site "Kiel GER"]
[Date "2022.07.23"]
[Round "2"]
[White "Tabakh, Tassnim"]
[Black "Peglau, Dora"]
[Result "0-1"]
[Termination "normal"]
[Board "2.1"]
[WhiteElo "1241"]
[BlackElo "1920"]
[WhiteClock "01:16:25"]
[BlackClock "01:19:16"]
[WhiteTeam "SV Bad Oldesloe"]
[BlackTeam "Schachzentrum Seeblick e. V."]
[PlyCount "30"]
[WhiteFideId "16274040"]
[BlackFideId "16220005"]
[EventCountry "GER"]
[EventRounds "7"]
[EventType "team-swiss"]
[EventDate "2022.07.22"]

1. g3 {[%clk 01:30:59]} {[%emt 00:00:01]} d5 {[%clk 01:30:33]} {[%emt
00:00:27]} 2. Bg2 {[%clk 01:31:19]} {[%emt 00:00:10]} Nf6 {[%clk 01:30:45]}
{[%emt 00:00:18]} 3. Nf3 {[%clk 01:31:33]} {[%emt 00:00:16]} c5 {[%clk
01:30:55]} {[%emt 00:00:20]} 4. e3 {[%clk 01:31:30]} {[%emt 00:00:33]} Nc6
{[%clk 01:30:45]} {[%emt 00:00:40]} 5. d3 {[%clk 01:30:35]} {[%emt 00:01:25]}
g6 {[%clk 01:28:28]} {[%emt 00:02:48]} 6. O-O {[%clk 01:29:35]} {[%emt
00:01:29]} Bg7 {[%clk 01:28:47]} {[%emt 00:00:11]} 7. Re1 {[%clk 01:28:56]}
{[%emt 00:01:09]} O-O {[%clk 01:27:15]} {[%emt 00:02:02]} 8. Qd2 {[%clk
01:25:16]} {[%emt 00:04:09]} e5 {[%clk 01:26:23]} {[%emt 00:01:23]} 9. Nc3
{[%clk 01:22:52]} {[%emt 00:02:54]} h6 {[%clk 01:24:56]} {[%emt 00:01:57]} 10.
Kh1 {[%clk 01:21:42]} {[%emt 00:01:40]} Be6 {[%clk 01:24:05]} {[%emt 00:01:21]}
11. e4 {[%clk 01:19:32]} {[%emt 00:02:41]} d4 {[%clk 01:24:08]} {[%emt
00:00:27]} 12. Ne2 {[%clk 01:19:45]} {[%emt 00:00:17]} b5 {[%clk 01:21:35]}
{[%emt 00:03:02]} 13. b3 {[%clk 01:19:13]} {[%emt 00:01:03]} c4 {[%clk
01:19:35]} {[%emt 00:02:30]} 14. bxc4 {[%clk 01:18:56]} {[%emt 00:00:46]} bxc4
{[%clk 01:19:51]} {[%emt 00:00:14]} 15. dxc4 {[%clk 01:16:25]} {[%emt
00:03:00]} Nxe4 {[%clk 01:19:16]} {[%emt 00:01:05]} 0-1